UUD 1945 : naskah asli & perubahannya.

Published: Jakarta, Indonesia: Pustaka Pergaulan, 2007.
Subjects:
LEADER 00471cam a2200145 7i4500
001 0000047165
005 20200217090000.0
020 |a 9789791551816  
090 0 0 |a KF3012.1   |b .U93 2007 
245 0 0 |a UUD 1945 :   |b naskah asli & perubahannya. 
260 |a Jakarta, Indonesia:   |b Pustaka Pergaulan,   |c 2007. 
300 |a 99 p.;   |c 21 cm. 
500 |a Gift: Zainol Ahmad Resource Center 
650 0 0 |a Constitutional law --   |z Indonesia  
999 |a 0000067353  |b BOK  |c OPEN SHELF  |e 1st Floor, Bestari Jaya